[Event "World Youth & Cadets Rapid Championships"]
[Site "Rhodes, Greece"]
[Date "2022.05.01"]
[Round "8.32"]
[White "Bordin, Silvia"]
[Black "Hryzlova, Sofiia"]
[Result "0-1"]
[TimeControl "10'/game & 5\"/move"]
[WhiteElo "1552"]
[BlackElo "2011"]

1. e4 {[%clk 00:10:08]} c5 {[%clk 00:10:09]} {[%emt 00:00:02]} 2. Nf3 {[%clk
00:10:12]} {[%emt 00:00:02]} d6 {[%clk 00:10:12]} {[%emt 00:00:01]} 3. d4
{[%clk 00:10:16]} {[%emt 00:00:01]} cxd4 {[%clk 00:10:15]} {[%emt 00:00:02]} 4.
Nxd4 {[%clk 00:10:19]} Nf6 {[%clk 00:10:18]} {[%emt 00:00:02]} 5. Nc3 {[%clk
00:10:21]} {[%emt 00:00:03]} a6 {[%clk 00:10:22]} {[%emt 00:00:02]} 6. h4
{[%clk 00:10:21]} {[%emt 00:00:04]} h6 {[%clk 00:10:08]} {[%emt 00:00:20]} 7.
h5 {[%clk 00:09:57]} {[%emt 00:00:28]} b5 {[%clk 00:09:54]} {[%emt 00:00:20]} 8.
a3 {[%clk 00:09:15]} {[%emt 00:00:47]} Bb7 {[%clk 00:09:49]} {[%emt 00:00:09]}
9. Bd3 {[%clk 00:08:58]} {[%emt 00:00:22]} Nbd7 {[%clk 00:09:49]} {[%emt
00:00:06]} 10. Qe2 {[%clk 00:08:52]} {[%emt 00:00:10]} e6 {[%clk 00:09:31]}
{[%emt 00:00:23]} 11. Bd2 {[%clk 00:08:12]} {[%emt 00:00:45]} Be7 {[%clk
00:09:21]} {[%emt 00:00:16]} 12. f4 {[%clk 00:07:52]} {[%emt 00:00:25]} Nc5
{[%clk 00:08:45]} {[%emt 00:00:40]} 13. g4 {[%clk 00:07:40]} {[%emt 00:00:17]}
d5 {[%clk 00:08:28]} {[%emt 00:00:23]} 14. exd5 Nxd5 {[%clk 00:08:22]} 15. Rf1
{[%clk 00:06:40]} {[%emt 00:00:31]} Bh4+ {[%clk 00:07:22]} {[%emt 00:01:05]} 16.
Kd1 {[%clk 00:06:45]} Nxc3+ {[%clk 00:06:47]} {[%emt 00:00:40]} 17. Bxc3 {[%clk
00:06:47]} {[%emt 00:00:02]} Bf6 {[%clk 00:06:45]} {[%emt 00:00:07]} 18. Qe3
{[%clk 00:05:52]} {[%emt 00:01:00]} Na4 {[%clk 00:05:53]} {[%emt 00:00:58]} 19.
Nxe6 {[%clk 00:04:46]} {[%emt 00:01:10]} Nxc3+ {[%clk 00:05:42]} {[%emt
00:00:16]} 20. bxc3 {[%clk 00:04:50]} {[%emt 00:00:01]} fxe6 {[%clk 00:05:40]}
{[%emt 00:00:07]} 21. Qxe6+ {[%clk 00:04:50]} {[%emt 00:00:05]} Qe7 {[%clk
00:05:43]} {[%emt 00:00:02]} 22. Bg6+ {[%clk 00:04:34]} {[%emt 00:00:22]} Kd8
{[%clk 00:05:18]} {[%emt 00:00:29]} 23. Qb6+ {[%clk 00:04:33]} {[%emt
00:00:07]} Qc7 {[%clk 00:05:19]} {[%emt 00:00:04]} 24. Qe6 {[%clk 00:03:36]}
{[%emt 00:01:02]} Qd7+ {[%clk 00:05:03]} {[%emt 00:00:21]} 25. Qxd7+ {[%clk
00:03:40]} Kxd7 {[%clk 00:05:06]} {[%emt 00:00:02]} 26. Ke2 {[%clk 00:03:44]}
{[%emt 00:00:01]} Bd5 {[%clk 00:04:46]} {[%emt 00:00:25]} 27. Rad1 {[%clk
00:03:43]} {[%emt 00:00:05]} Kc6 {[%clk 00:04:49]} {[%emt 00:00:03]} 28. Ke3
{[%clk 00:03:22]} {[%emt 00:00:26]} Rad8 {[%clk 00:04:25]} {[%emt 00:00:29]} 29.
a4 {[%clk 00:03:01]} {[%emt 00:00:26]} Bc4 {[%clk 00:03:53]} {[%emt 00:00:36]}
30. axb5+ {[%clk 00:03:05]} {[%emt 00:00:02]} axb5 {[%clk 00:03:55]} {[%emt
00:00:03]} 31. Rxd8 {[%clk 00:02:55]} {[%emt 00:00:15]} Rxd8 {[%clk 00:03:55]}
{[%emt 00:00:04]} 32. Ra1 {[%clk 00:02:59]} {[%emt 00:00:01]} Bxc3 {[%clk
00:03:51]} {[%emt 00:00:10]} 33. Ra6+ {[%clk 00:03:03]} {[%emt 00:00:01]} Kb7
{[%clk 00:03:52]} {[%emt 00:00:03]} 34. Ra3 {[%clk 00:02:56]} {[%emt 00:00:13]}
b4 {[%clk 00:03:52]} {[%emt 00:00:05]} 35. Ra4 {[%clk 00:02:59]} {[%emt
00:00:02]} Bb5 {[%clk 00:03:41]} {[%emt 00:00:16]} 36. Ra2 {[%clk 00:02:54]}
{[%emt 00:00:11]} Kb6 {[%clk 00:03:18]} {[%emt 00:00:27]} 37. Kf3 {[%clk
00:02:27]} {[%emt 00:00:31]} Bc6+ {[%clk 00:03:16]} {[%emt 00:00:07]} 38. Ke3
{[%clk 00:02:12]} {[%emt 00:00:20]} Bd2+ {[%clk 00:03:17]} {[%emt 00:00:04]} 39.
Ke2 {[%clk 00:02:10]} {[%emt 00:00:07]} Bxf4 {[%clk 00:03:18]} {[%emt
00:00:04]} 40. Rb2 {[%clk 00:02:11]} {[%emt 00:00:04]} Kc5 {[%clk 00:03:14]}
{[%emt 00:00:09]} 41. Rb1 {[%clk 00:02:13]} {[%emt 00:00:04]} Rd2+ {[%clk
00:03:15]} {[%emt 00:00:04]} 42. Ke1 {[%clk 00:02:14]} {[%emt 00:00:04]} Rh2
{[%clk 00:03:16]} {[%emt 00:00:03]} 43. Rb3 {[%clk 00:02:11]} {[%emt 00:00:08]}
Bd2+ {[%clk 00:03:14]} {[%emt 00:00:07]} 44. Kf1 {[%clk 00:02:14]} {[%emt
00:00:02]} Bc3 {[%clk 00:03:15]} {[%emt 00:00:04]} 45. Kg1 {[%clk 00:02:12]}
{[%emt 00:00:08]} Rg2+ {[%clk 00:03:17]} {[%emt 00:00:02]} 0-1

[Event "World Youth & Cadets Rapid Championships"]
[Site "Rhodes, Greece"]
[Date "2022.05.01"]
[Round "8.33"]
[White "Omonova, Umida"]
[Black "Maton, Emily"]
[Result "1-0"]
[TimeControl "10'/game & 5\"/move"]
[WhiteElo "1856"]
[BlackElo "1324"]

1. e4 {[%clk 00:10:09]} c5 {[%clk 00:10:09]} {[%emt 00:00:01]} 2. Nf3 {[%clk
00:10:13]} {[%emt 00:00:01]} Nc6 {[%clk 00:10:13]} {[%emt 00:00:02]} 3. d4
{[%clk 00:10:18]} cxd4 {[%clk 00:10:17]} {[%emt 00:00:01]} 4. Nxd4 {[%clk
00:10:22]} {[%emt 00:00:01]} g6 {[%clk 00:10:20]} {[%emt 00:00:01]} 5. c4
{[%clk 00:10:26]} {[%emt 00:00:02]} Bg7 {[%clk 00:10:24]} 6. Be3 {[%clk
00:10:30]} d6 {[%clk 00:10:27]} {[%emt 00:00:02]} 7. Nc3 {[%clk 00:10:33]} Nf6
{[%clk 00:10:30]} {[%emt 00:00:02]} 8. Be2 {[%clk 00:10:34]} {[%emt 00:00:04]}
Bd7 {[%clk 00:10:34]} {[%emt 00:00:01]} 9. O-O {[%clk 00:10:36]} {[%emt
00:00:03]} O-O {[%clk 00:10:36]} {[%emt 00:00:03]} 10. Nc2 {[%clk 00:10:40]}
Rc8 {[%clk 00:10:37]} {[%emt 00:00:05]} 11. Rc1 {[%clk 00:10:43]} {[%emt
00:00:02]} Ne5 {[%clk 00:10:31]} {[%emt 00:00:11]} 12. Na3 {[%emt 00:00:10]} b6
{[%emt 00:00:20]} 13. h3 {[%emt 00:00:14]} Bc6 {[%clk 00:10:20]} {[%emt
00:00:09]} 14. f4 {[%clk 00:10:06]} {[%emt 00:00:20]} Ned7 {[%clk 00:10:22]}
{[%emt 00:00:03]} 15. Bf3 {[%clk 00:10:10]} Nc5 {[%clk 00:10:16]} {[%emt
00:00:11]} 16. Qc2 {[%emt 00:00:16]} Bb7 {[%clk 00:09:41]} {[%emt 00:00:28]} 17.
Rcd1 {[%emt 00:00:26]} Qc7 {[%emt 00:00:18]} 18. b4 {[%emt 00:00:51]} Ncd7
{[%emt 00:00:11]} 19. Qd3 {[%emt 00:00:21]} Ba6 {[%emt 00:01:44]} 20. b5 {[%clk
00:07:52]} {[%emt 00:00:08]} Bb7 {[%emt 00:00:03]} 21. Nd5 {[%clk 00:07:53]}
{[%emt 00:00:02]} Nxd5 22. exd5 Nc5 {[%clk 00:08:11]} {[%emt 00:00:07]} 23. Qe2
{[%emt 00:00:37]} a6 {[%clk 00:07:37]} {[%emt 00:00:07]} 24. Kh1 {[%emt
00:00:16]} axb5 {[%emt 00:00:07]} 25. Nxb5 {[%clk 00:07:54]} Qd7 {[%emt
00:00:04]} 26. Nd4 {[%emt 00:00:34]} Na4 {[%clk 00:06:37]} {[%emt 00:00:11]} 27.
Rc1 Nc5 {[%emt 00:00:43]} 28. Rfe1 {[%clk 00:07:42]} {[%emt 00:00:05]} Rfe8
{[%clk 00:06:31]} {[%emt 00:00:10]} 29. Rb1 {[%emt 00:00:31]} Qc7 {[%clk
00:06:22]} {[%emt 00:00:12]} 30. Bg4 {[%clk 00:07:06]} {[%emt 00:00:18]} Ra8
{[%clk 00:06:10]} {[%emt 00:00:17]} 31. Bf2 {[%clk 00:06:52]} {[%emt 00:00:19]}
Na4 {[%emt 00:00:33]} 32. Qc2 {[%clk 00:06:38]} {[%emt 00:00:10]} Bxd4 {[%clk
00:05:17]} {[%emt 00:00:38]} 33. Bxd4 {[%clk 00:06:34]} {[%emt 00:00:09]} Bxd5
{[%clk 00:05:11]} {[%emt 00:00:12]} 34. Rec1 {[%clk 00:06:38]} Bc6 {[%emt
00:00:47]} 35. f5 {[%emt 00:00:49]} Qb7 {[%clk 00:04:23]} {[%emt 00:00:18]} 36.
Qd2 {[%clk 00:05:41]} {[%emt 00:00:13]} Be4 {[%clk 00:03:59]} {[%emt 00:00:28]}
37. Rb4 {[%clk 00:05:43]} {[%emt 00:00:04]} Qc6 {[%emt 00:01:17]} 38. f6 {[%emt
00:00:34]} exf6 {[%clk 00:02:56]} {[%emt 00:00:16]} 39. Bxf6 {[%clk 00:04:56]}
{[%emt 00:00:02]} d5 {[%clk 00:02:46]} {[%emt 00:00:14]} 40. Ba1 {[%clk
00:05:00]} {[%emt 00:00:02]} f5 {[%emt 00:00:51]} 41. cxd5 {[%clk 00:04:20]}
{[%emt 00:00:38]} Qxd5 {[%clk 00:02:01]} {[%emt 00:00:10]} 42. Rd4 {[%clk
00:04:22]} {[%emt 00:00:03]} Bxg2+ {[%clk 00:01:41]} {[%emt 00:00:24]} 43. Kg1
{[%clk 00:04:14]} {[%emt 00:00:14]} Qb5 {[%emt 00:01:42]} 44. Rd7 {[%clk
00:03:09]} {[%emt 00:00:24]} Re6 {[%clk 00:00:24]} {[%emt 00:00:32]} 45. Rg7+
{[%clk 00:02:33]} {[%emt 00:00:41]} Kf8 {[%clk 00:00:28]} {[%emt 00:00:01]} 46.
Qh6 {[%clk 00:02:27]} {[%emt 00:00:10]} Re7 {[%clk 00:00:12]} {[%emt 00:00:22]}
47. Rxe7+ {[%clk 00:01:23]} {[%emt 00:01:09]} Kxe7 {[%clk 00:00:16]} 48. Qg7+
{[%clk 00:01:27]} Ke8 {[%clk 00:00:10]} {[%emt 00:00:10]} 49. Bf6 {[%clk
00:00:54]} {[%emt 00:00:38]} Qb4 {[%clk 00:00:14]} {[%emt 00:00:01]} 50. Qg8+
{[%clk 00:00:37]} {[%emt 00:00:21]} Kd7 {[%clk 00:00:14]} {[%emt 00:00:07]} 51.
Qf7+ {[%clk 00:00:41]} {[%emt 00:00:01]} Qe7 {[%clk 00:00:12]} {[%emt
00:00:07]} 52. Qxe7# {[%clk 00:00:44]} 1-0

[Event "World Youth & Cadets Rapid Championships"]
[Site "Rhodes, Greece"]
[Date "2022.05.01"]
[Round "8.34"]
[White "Siekanska, Maria"]
[Black "Mihelic, Vesna"]
[Result "1-0"]
[TimeControl "10'/game & 5\"/move"]
[WhiteElo "1865"]
[BlackElo "1924"]

1. d4 {[%clk 00:10:09]} {[%emt 00:00:01]} d5 {[%clk 00:10:09]} {[%emt
00:00:01]} 2. c4 {[%clk 00:10:13]} {[%emt 00:00:02]} e6 {[%clk 00:10:13]} 3.
Nc3 {[%clk 00:10:17]} {[%emt 00:00:02]} Nf6 {[%clk 00:10:16]} {[%emt 00:00:01]}
4. cxd5 {[%clk 00:10:21]} exd5 {[%clk 00:10:20]} {[%emt 00:00:01]} 5. Bg5
{[%clk 00:10:24]} {[%emt 00:00:02]} Nbd7 {[%clk 00:10:22]} {[%emt 00:00:03]} 6.
e3 {[%clk 00:10:27]} {[%emt 00:00:02]} Be7 {[%clk 00:10:25]} {[%emt 00:00:02]}
7. Bd3 {[%clk 00:10:29]} {[%emt 00:00:02]} c6 {[%clk 00:10:29]} {[%emt
00:00:02]} 8. Nge2 {[%clk 00:10:32]} {[%emt 00:00:02]} Nf8 {[%clk 00:09:58]}
{[%emt 00:00:36]} 9. O-O {[%clk 00:10:14]} {[%emt 00:00:24]} Ne6 {[%clk
00:09:59]} {[%emt 00:00:04]} 10. Bh4 {[%clk 00:10:14]} {[%emt 00:00:04]} O-O
{[%clk 00:10:00]} {[%emt 00:00:04]} 11. Qc2 {[%clk 00:10:12]} {[%emt 00:00:07]}
h6 {[%clk 00:10:03]} {[%emt 00:00:02]} 12. Rad1 {[%clk 00:10:00]} {[%emt
00:00:16]} Ne8 {[%clk 00:09:50]} {[%emt 00:00:19]} 13. Bxe7 {[%clk 00:09:46]}
{[%emt 00:00:19]} Qxe7 {[%clk 00:09:52]} {[%emt 00:00:02]} 14. f3 {[%clk
00:09:18]} {[%emt 00:00:34]} Nd6 {[%clk 00:09:48]} {[%emt 00:00:09]} 15. e4
{[%clk 00:09:01]} {[%emt 00:00:22]} dxe4 {[%clk 00:09:22]} {[%emt 00:00:31]} 16.
fxe4 {[%clk 00:09:04]} {[%emt 00:00:03]} c5 {[%clk 00:08:48]} {[%emt 00:00:39]}
17. e5 {[%clk 00:08:01]} {[%emt 00:01:07]} Nxd4 {[%clk 00:08:06]} {[%emt
00:00:47]} 18. Nxd4 {[%clk 00:07:25]} {[%emt 00:00:41]} cxd4 {[%clk 00:08:08]}
{[%emt 00:00:03]} 19. exd6 {[%clk 00:07:17]} {[%emt 00:00:13]} Qe3+ {[%clk
00:08:08]} {[%emt 00:00:05]} 20. Kh1 {[%clk 00:07:18]} {[%emt 00:00:04]} dxc3
{[%clk 00:08:09]} {[%emt 00:00:04]} 21. Qxc3 {[%clk 00:07:15]} {[%emt
00:00:08]} Qb6 {[%clk 00:07:44]} {[%emt 00:00:28]} 22. Bc2 {[%clk 00:06:52]}
{[%emt 00:00:31]} Bg4 {[%clk 00:07:22]} {[%emt 00:00:27]} 23. Rd2 {[%clk
00:05:50]} {[%emt 00:01:06]} Be6 {[%clk 00:06:28]} {[%emt 00:00:59]} 24. Qd3
{[%clk 00:05:32]} {[%emt 00:00:23]} f5 {[%clk 00:05:44]} {[%emt 00:00:49]} 25.
Re2 {[%clk 00:05:09]} {[%emt 00:00:28]} Bd7 {[%clk 00:04:56]} {[%emt 00:00:50]}
26. Re7 {[%clk 00:04:41]} {[%emt 00:00:36]} Bb5 {[%clk 00:04:43]} {[%emt
00:00:18]} 27. Qc3 {[%clk 00:04:30]} {[%emt 00:00:16]} Rf6 {[%clk 00:04:37]}
{[%emt 00:00:11]} 28. Qg3 {[%clk 00:03:54]} {[%emt 00:00:40]} g5 {[%clk
00:04:14]} {[%emt 00:00:29]} 29. Rxf5 {[%clk 00:03:11]} {[%emt 00:00:48]} Rxf5
{[%clk 00:01:29]} {[%emt 00:02:50]} 30. Bxf5 {[%clk 00:03:10]} {[%emt
00:00:06]} Qc5 {[%clk 00:01:22]} {[%emt 00:00:11]} 31. Qb3+ {[%clk 00:02:58]}
{[%emt 00:00:18]} Bc4 {[%clk 00:00:27]} {[%emt 00:01:01]} 32. Qc3 {[%clk
00:02:50]} {[%emt 00:00:12]} 1-0

[Event "World Youth & Cadets Rapid Championships"]
[Site "Rhodes, Greece"]
[Date "2022.05.01"]
[Round "8.35"]
[White "Aydin, Gulenay"]
[Black "Blokhin, Sofia"]
[Result "0-1"]
[TimeControl "10'/game & 5\"/move"]
[WhiteElo "2143"]
[BlackElo "1903"]

1. e4 {[%clk 00:10:09]} {[%emt 00:00:01]} c5 {[%clk 00:10:09]} {[%emt
00:00:01]} 2. Nf3 {[%clk 00:10:10]} {[%emt 00:00:03]} e6 {[%clk 00:10:13]}
{[%emt 00:00:01]} 3. d3 {[%clk 00:10:04]} {[%emt 00:00:11]} Nc6 {[%clk
00:10:12]} {[%emt 00:00:06]} 4. g3 {[%clk 00:10:08]} {[%emt 00:00:02]} g6
{[%clk 00:10:15]} {[%emt 00:00:01]} 5. Bg2 {[%clk 00:10:11]} {[%emt 00:00:01]}
Bg7 {[%clk 00:10:19]} {[%emt 00:00:02]} 6. O-O {[%clk 00:10:15]} {[%emt
00:00:02]} Nge7 {[%clk 00:10:21]} {[%emt 00:00:02]} 7. Nbd2 {[%clk 00:10:12]}
{[%emt 00:00:08]} O-O {[%clk 00:10:22]} {[%emt 00:00:04]} 8. Qe2 {[%emt
00:00:16]} d5 {[%clk 00:10:21]} 9. Re1 {[%clk 00:09:58]} {[%emt 00:00:14]} b6
{[%clk 00:10:06]} {[%emt 00:00:21]} 10. Nf1 {[%clk 00:09:42]} {[%emt 00:00:20]}
Bb7 {[%clk 00:10:04]} {[%emt 00:00:07]} 11. e5 {[%clk 00:09:17]} {[%emt
00:00:30]} d4 {[%clk 00:09:32]} {[%emt 00:00:38]} 12. h4 {[%clk 00:08:18]}
{[%emt 00:01:03]} h6 {[%clk 00:09:19]} {[%emt 00:00:18]} 13. g4 {[%clk
00:07:46]} {[%emt 00:00:37]} Nd5 {[%clk 00:08:51]} {[%emt 00:00:33]} 14. Ng3
{[%clk 00:07:25]} {[%emt 00:00:26]} Kh7 {[%clk 00:07:35]} {[%emt 00:01:21]} 15.
g5 {[%clk 00:05:42]} {[%emt 00:01:48]} h5 {[%clk 00:07:25]} {[%emt 00:00:15]}
16. Bd2 {[%clk 00:05:22]} {[%emt 00:00:24]} a6 {[%clk 00:06:50]} {[%emt
00:00:41]} 17. a3 {[%clk 00:04:34]} {[%emt 00:00:54]} Qc7 {[%clk 00:06:52]}
{[%emt 00:00:03]} 18. c4 {[%clk 00:03:57]} {[%emt 00:00:41]} dxc3 {[%clk
00:06:30]} {[%emt 00:00:28]} 19. bxc3 {[%clk 00:04:00]} {[%emt 00:00:01]} Nde7
{[%clk 00:06:06]} {[%emt 00:00:29]} 20. c4 {[%clk 00:03:09]} {[%emt 00:00:56]}
Nf5 {[%clk 00:06:01]} {[%emt 00:00:10]} 21. Bf4 {[%clk 00:01:46]} {[%emt
00:01:29]} Ncd4 {[%clk 00:05:50]} {[%emt 00:00:16]} 22. Nxd4 {[%clk 00:01:48]}
{[%emt 00:00:02]} Nxd4 {[%clk 00:05:48]} {[%emt 00:00:07]} 23. Qd1 {[%clk
00:01:36]} {[%emt 00:00:17]} Bxg2 {[%clk 00:05:47]} {[%emt 00:00:06]} 24. Kxg2
{[%clk 00:01:40]} {[%emt 00:00:02]} Qc6+ {[%clk 00:05:39]} {[%emt 00:00:12]} 25.
Ne4 {[%clk 00:01:25]} {[%emt 00:00:20]} Nf5 {[%clk 00:05:34]} {[%emt 00:00:10]}
26. Kh3 {[%clk 00:01:17]} {[%emt 00:00:13]} Rad8 {[%clk 00:05:20]} {[%emt
00:00:19]} 27. Rb1 {[%clk 00:00:26]} {[%emt 00:00:56]} Rd4 {[%clk 00:05:00]}
{[%emt 00:00:24]} 28. Qb3 {[%clk 00:00:24]} {[%emt 00:00:08]} Rb8 {[%clk
00:04:36]} {[%emt 00:00:29]} 29. Bh2 {[%clk 00:00:28]} {[%emt 00:00:02]} b5
{[%clk 00:04:12]} {[%emt 00:00:29]} 30. f4 {[%clk 00:00:23]} {[%emt 00:00:09]}
Rbd8 {[%clk 00:04:08]} {[%emt 00:00:10]} 31. Nf2 {[%clk 00:00:09]} {[%emt
00:00:19]} Qf3+ {[%clk 00:04:08]} {[%emt 00:00:04]} 0-1

[Event "World Youth & Cadets Rapid Championships"]
[Site "Rhodes, Greece"]
[Date "2022.05.01"]
[Round "8.36"]
[White "Sala, Giulia"]
[Black "Starosta, Martyna"]
[Result "1-0"]
[TimeControl "10'/game & 5\"/move"]
[WhiteElo "1889"]
[BlackElo "1889"]

1. e4 {[%clk 00:10:08]} {[%emt 00:00:02]} e5 {[%clk 00:10:10]} 2. Nf3 {[%clk
00:10:11]} {[%emt 00:00:01]} Nc6 {[%clk 00:10:14]} {[%emt 00:00:01]} 3. Bc4
{[%clk 00:10:15]} {[%emt 00:00:01]} Nf6 {[%clk 00:10:18]} {[%emt 00:00:01]} 4.
d3 {[%clk 00:10:19]} {[%emt 00:00:01]} h6 {[%clk 00:10:22]} {[%emt 00:00:01]} 5.
O-O {[%clk 00:10:15]} {[%emt 00:00:09]} g5 {[%clk 00:10:25]} {[%emt 00:00:02]}
6. d4 {[%clk 00:10:09]} {[%emt 00:00:11]} exd4 {[%clk 00:09:09]} {[%emt
00:01:21]} 7. Nxd4 {[%clk 00:10:02]} {[%emt 00:00:12]} Ne5 {[%clk 00:08:43]}
{[%emt 00:00:31]} 8. Bb3 {[%clk 00:10:02]} {[%emt 00:00:05]} d6 {[%clk
00:07:54]} {[%emt 00:00:54]} 9. Nc3 {[%clk 00:09:43]} {[%emt 00:00:23]} Bg7
{[%clk 00:07:40]} {[%emt 00:00:20]} 10. f4 {[%clk 00:08:42]} {[%emt 00:01:06]}
gxf4 {[%clk 00:07:27]} {[%emt 00:00:19]} 11. Bxf4 {[%clk 00:08:45]} {[%emt
00:00:01]} Bg4 {[%clk 00:07:28]} {[%emt 00:00:04]} 12. Qe1 {[%clk 00:07:54]}
{[%emt 00:00:55]} Qe7 {[%clk 00:06:51]} {[%emt 00:00:43]} 13. Nf5 {[%clk
00:05:34]} {[%emt 00:02:24]} Bxf5 {[%clk 00:06:41]} {[%emt 00:00:16]} 14. exf5
{[%clk 00:05:38]} {[%emt 00:00:01]} O-O-O {[%clk 00:05:34]} {[%emt 00:01:12]}
15. Qf2 {[%clk 00:05:12]} {[%emt 00:00:30]} Kb8 {[%clk 00:04:38]} {[%emt
00:01:03]} 16. Nb5 {[%clk 00:04:52]} {[%emt 00:00:24]} Nc6 {[%clk 00:04:28]}
{[%emt 00:00:15]} 17. Rae1 {[%clk 00:03:34]} {[%emt 00:01:23]} Qd7 {[%clk
00:04:32]} {[%emt 00:00:01]} 18. Be3 {[%clk 00:03:38]} a6 {[%clk 00:03:42]}
{[%emt 00:00:56]} 19. Nd4 {[%clk 00:03:29]} {[%emt 00:00:10]} Ng4 {[%clk
00:03:01]} {[%emt 00:00:49]} 20. Nxc6+ {[%clk 00:03:05]} {[%emt 00:00:28]} Qxc6
{[%clk 00:03:06]} 21. Qf4 {[%clk 00:01:19]} {[%emt 00:01:50]} Nxe3 {[%clk
00:02:21]} {[%emt 00:00:51]} 22. Rxe3 {[%clk 00:01:22]} {[%emt 00:00:01]} Bxb2
{[%clk 00:02:06]} {[%emt 00:00:21]} 23. Bxf7 {[%clk 00:01:14]} {[%emt
00:00:13]} Rhf8 {[%clk 00:02:10]} {[%emt 00:00:01]} 24. Be6 {[%clk 00:01:07]}
{[%emt 00:00:12]} Qxc2 {[%clk 00:01:49]} {[%emt 00:00:26]} 25. Rb3 {[%clk
00:00:58]} {[%emt 00:00:14]} Be5 {[%clk 00:01:36]} {[%emt 00:00:19]} 26. Qa4
{[%clk 00:00:45]} {[%emt 00:00:18]} Qc5+ {[%clk 00:00:45]} {[%emt 00:00:56]} 27.
Kh1 {[%clk 00:00:45]} {[%emt 00:00:05]} Ka7 {[%clk 00:00:40]} {[%emt 00:00:10]}
28. Rfb1 {[%clk 00:00:42]} {[%emt 00:00:08]} Rb8 {[%clk 00:00:43]} {[%emt
00:00:01]} 29. Qe4 {[%clk 00:00:39]} {[%emt 00:00:08]} b6 {[%clk 00:00:34]}
{[%emt 00:00:14]} 30. Rb4 {[%clk 00:00:36]} {[%emt 00:00:07]} a5 {[%clk
00:00:31]} {[%emt 00:00:09]} 31. Rc4 {[%clk 00:00:33]} {[%emt 00:00:08]} Qa3
{[%clk 00:00:12]} {[%emt 00:00:25]} 32. Rxc7+ {[%clk 00:00:36]} Ka6 {[%clk
00:00:14]} {[%emt 00:00:02]} 33. Bc4+ {[%clk 00:00:35]} {[%emt 00:00:06]} b5
{[%clk 00:00:12]} {[%emt 00:00:08]} 34. Qc6+ {[%clk 00:00:39]} Rb6 {[%clk
00:00:14]} {[%emt 00:00:03]} 35. Bxb5# {[%clk 00:00:40]} {[%emt 00:00:04]} 1-0

[Event "World Youth & Cadets Rapid Championships"]
[Site "Rhodes, Greece"]
[Date "2022.05.01"]
[Round "8.37"]
[White "Hnatyshyn, Anastasiia"]
[Black "Maklakova, Naomi"]
[Result "1-0"]
[TimeControl "10'/game & 5\"/move"]
[WhiteElo "1889"]
[BlackElo "1654"]

1. e4 {[%clk 00:10:08]} {[%emt 00:00:02]} e5 {[%clk 00:10:09]} {[%emt
00:00:02]} 2. Nf3 {[%clk 00:10:11]} {[%emt 00:00:02]} Nc6 {[%clk 00:10:12]}
{[%emt 00:00:02]} 3. Bb5 {[%clk 00:10:13]} {[%emt 00:00:02]} a6 {[%clk
00:10:07]} {[%emt 00:00:10]} 4. Ba4 {[%clk 00:10:16]} {[%emt 00:00:02]} d6
{[%clk 00:09:33]} {[%emt 00:00:39]} 5. O-O {[%clk 00:09:59]} {[%emt 00:00:22]}
Bg4 {[%clk 00:09:28]} {[%emt 00:00:10]} 6. c3 {[%clk 00:09:37]} {[%emt
00:00:27]} b5 {[%clk 00:06:59]} {[%emt 00:02:34]} 7. Bb3 {[%clk 00:09:29]}
{[%emt 00:00:13]} Nf6 {[%clk 00:06:50]} {[%emt 00:00:14]} 8. d3 {[%clk
00:08:35]} {[%emt 00:00:58]} Be7 {[%clk 00:06:35]} {[%emt 00:00:20]} 9. Nbd2
{[%clk 00:08:10]} {[%emt 00:00:31]} O-O {[%clk 00:06:33]} {[%emt 00:00:07]} 10.
Re1 {[%clk 00:07:46]} {[%emt 00:00:29]} Na5 {[%clk 00:06:11]} {[%emt 00:00:27]}
11. Bc2 {[%clk 00:07:48]} {[%emt 00:00:03]} c5 {[%clk 00:06:13]} {[%emt
00:00:03]} 12. h3 {[%clk 00:07:30]} {[%emt 00:00:22]} Bxf3 {[%clk 00:06:10]}
{[%emt 00:00:09]} 13. Nxf3 {[%clk 00:07:30]} {[%emt 00:00:06]} Nc6 {[%clk
00:05:49]} {[%emt 00:00:25]} 14. Bg5 {[%clk 00:06:37]} {[%emt 00:00:58]} Nd7
{[%clk 00:05:33]} {[%emt 00:00:22]} 15. Bxe7 {[%clk 00:05:57]} {[%emt
00:00:44]} Nxe7 {[%clk 00:05:26]} {[%emt 00:00:12]} 16. Bb3 {[%clk 00:05:28]}
{[%emt 00:00:34]} Ng6 {[%clk 00:04:55]} {[%emt 00:00:35]} 17. g3 {[%clk
00:04:52]} {[%emt 00:00:41]} Kh8 {[%clk 00:04:53]} {[%emt 00:00:08]} 18. h4
{[%clk 00:04:21]} {[%emt 00:00:36]} h6 {[%clk 00:03:18]} {[%emt 00:01:40]} 19.
Kg2 {[%clk 00:04:06]} {[%emt 00:00:19]} f5 {[%clk 00:03:02]} {[%emt 00:00:22]}
20. exf5 {[%clk 00:03:52]} {[%emt 00:00:19]} Rxf5 {[%clk 00:03:06]} {[%emt
00:00:01]} 21. Bd5 {[%clk 00:03:25]} {[%emt 00:00:32]} Rb8 {[%clk 00:02:53]}
{[%emt 00:00:18]} 22. Be4 {[%clk 00:02:23]} {[%emt 00:01:07]} Rf6 {[%clk
00:02:55]} {[%emt 00:00:03]} 23. d4 {[%clk 00:01:50]} {[%emt 00:00:38]} exd4
{[%clk 00:02:02]} {[%emt 00:00:58]} 24. cxd4 {[%clk 00:01:52]} {[%emt
00:00:03]} c4 {[%clk 00:02:05]} {[%emt 00:00:02]} 25. Qe2 {[%clk 00:00:55]}
{[%emt 00:01:01]} Nb6 {[%clk 00:01:17]} {[%emt 00:00:53]} 26. Rad1 {[%clk
00:00:33]} {[%emt 00:00:27]} Qf8 {[%clk 00:00:55]} {[%emt 00:00:28]} 27. Nh2
{[%clk 00:00:17]} {[%emt 00:00:22]} Re6 {[%clk 00:00:22]} {[%emt 00:00:37]} 28.
Qg4 {[%clk 00:00:12]} {[%emt 00:00:10]} Qf6 {[%clk 00:00:14]} {[%emt 00:00:13]}
29. Bxg6 {[%clk 00:00:09]} {[%emt 00:00:09]} Rxe1 {[%emt 00:00:15]} 1-0